00893nam a2200253Ia 4500008004100000020001800041041000800059082001900067100002200086245005200108260007300160300000800233365001300241650004200254650007500296650004900371700002200420700001200442700002100454700002200475942001200497999001900509952011100528140306s9999 xx 000 0 und d a9788131505489 aeng a338.04bMOR/EN aF.Kuratko, Donald aEntrepreneurship and Innovation in Corporations aNew DelhibSouth Western Cengage LearningIndia Private Limitedc2008 a292 bRs.295/- aAssessing Entrepreneurial Performance aLevels of Entrepreneurship in Organizations: Entrepreneurial Intensity aStructuring the Company for Entrepreneurship aF.Kuratko, Donald aG.Covin aG.Covin, Jeffrey aH.Morris, Michael 2ddccBK c187290d187290 00102ddc4070aKAUCBVbKAUCBVd2010-10-08g295.00l0o338.04 MOR/ENr2014-03-22 00:00:00w2014-03-22yBK